| 000 | 00486nam a2200205Ia 4500 | ||
|---|---|---|---|
| 008 | 170918s9999 xx 000 0 und d | ||
| 020 | _a9780531251539 | ||
| 050 | _bB626 2013 | ||
| 100 | _aBjorklund, Ruth | ||
| 245 | _aBlue whales / | ||
| 245 | _cRuth Bjorklund. | ||
| 260 | _aNew York : | ||
| 260 | _bChildren's Press, | ||
| 260 | _c2013 | ||
| 300 | _a48 pages : | ||
| 300 | _bcolored illustration ; | ||
| 300 | _c21cm. | ||
| 440 | _aNature's children. | ||
| 500 | _a1000 | ||
| 999 |
_c342148 _d342148 |
||